| Tag |
First Indicator |
Second Indicator |
Subfields |
| LEADER |
00000cam a2200000 a 4500 |
| 001 |
in00000091963 |
| 005 |
20151008064107.0 |
| 008 |
820318s1981 vau b 00110 eng d |
| 035 |
|
|
|a (OCoLC)08253160
|
| 035 |
|
|
|9 AAK3515AM
|
| 040 |
|
|
|a VAN
|c VAN
|d TXA
|d UtOrBLW
|
| 049 |
|
|
|a TXAM
|c [800977]
|
| 090 |
|
|
|a LB2331
|b .M426
|
| 100 |
1 |
|
|a Meeth, L. Richard
|q (Louis Richard)
|
| 245 |
1 |
0 |
|a Directory of teaching innovations in history /
|c L.R. Meeth, Dean S. Gregory.
|
| 264 |
|
1 |
|a Arlington, Va. :
|b Studies in Higher Education,
|c [1981]
|
| 264 |
|
4 |
|c ©1981
|
| 300 |
|
|
|a 282 pages ;
|c 28 cm.
|
| 336 |
|
|
|a text
|b txt
|2 rdacontent
|
| 337 |
|
|
|a unmediated
|b n
|2 rdamedia
|
| 338 |
|
|
|a volume
|b nc
|2 rdacarrier
|
| 500 |
|
|
|a Made possible by a grant from the Exxon Education Foundation.
|
| 500 |
|
|
|a Includes index.
|
| 504 |
|
|
|a Bibliography: pages 271-281.
|
| 650 |
|
0 |
|a History
|x Study and teaching (Higher)
|
| 650 |
|
0 |
|a College teaching.
|
| 650 |
|
0 |
|a Educational innovations.
|
| 700 |
1 |
|
|a Gregory, Dean S.
|
| 999 |
|
|
|a MARS
|
| 999 |
f |
f |
|s 759e402c-4f1d-3215-842a-49596798619e
|i 48b50c87-9060-324c-a759-d6b7741cd559
|t 0
|
| 952 |
f |
f |
|p normal
|a Texas A&M University
|b College Station
|c Sterling C. Evans Library
|d Evans: Library Stacks
|t 0
|e LB2331 .M426
|h Library of Congress classification
|i unmediated -- volume
|m A14806161453
|
| 998 |
f |
f |
|a LB2331 .M426
|t 0
|l Evans: Library Stacks
|